logo

Bir Sreshtho Munshi Abdur Rouf Library
Jhenaidah Cadet College

Muslims and the science of geography / (Record no. 8197)

MARC details
000 -LEADER
fixed length control field 00708cam a2200265 i 4500
001 - CONTROL NUMBER
JCCL Control Number 8197
003 - CONTROL NUMBER IDENTIFIER
JCCL marc code BD-JhCC
005 - DATE AND TIME OF LATEST TRANSACTION
control field 20180219114617.0
008 - FIXED-LENGTH DATA ELEMENTS--GENERAL INFORMATION
fixed length control field 820210s1980 bg b b 001 0 eng
020 ## - INTERNATIONAL STANDARD BOOK NUMBER
Terms of availability Tk45.00
035 ## - SYSTEM CONTROL NUMBER
system control number (BD-JhCC)8197
040 ## - CATALOGING SOURCE
Original cataloging agency DLC
Transcribing agency DLC
Modifying agency DLC
-- BD-JhCC
041 ## - LANGUAGE CODE
Language code of Book eng
050 00 - LIBRARY OF CONGRESS CALL NUMBER
Classification number G93
Item number .A44
082 00 - DEWEY DECIMAL CLASSIFICATION NUMBER
Classification number 910/.9
DDC Edition number 19
Author mark and Year AHM 1980
100 1# - MAIN ENTRY--PERSONAL NAME
Personal name Ahmad, Nafis,
Dates associated with a name 1911-
245 10 - TITLE STATEMENT
Title Muslims and the science of geography /
Statement of responsibility, etc Nafis Ahmad.
260 ## - PUBLICATION, DISTRIBUTION, ETC. (IMPRINT)
Place of publication, distribution, etc Dacca :
Name of publisher, distributor, etc University Press,
Date of publication, distribution, etc 1980.
300 ## - PHYSICAL DESCRIPTION
Pagination viii, 111 p. :
Other physical details 3 maps ;
Dimensions 22 cm.
500 ## - GENERAL NOTE
General note Includes index.
504 ## - BIBLIOGRAPHY, ETC. NOTE
Bibliography, etc Bibliography: p. [101]-106.
650 #0 - SUBJECT ADDED ENTRY--TOPICAL TERM
Topical term or geographic name as entry element Geography, Arab.
942 ## - ADDED ENTRY ELEMENTS (KOHA)
Source of classification or shelving scheme Dewey Decimal Classification
Koha item type Books
Holdings
Source of classification or shelving scheme Damaged status Not for loan Home library Current library Shelving location Total Checkouts Full call number Barcode Date last seen Copy number Koha item type
Dewey Decimal Classification     JCC Rouf Library JCC Rouf Library General Stacks   910/.9 AHM 1980 10804 02/19/2018 C - 1 Books

JCC Library | Contacts | JCC Home

Last Update on 23 September 2017
Copyright @ 2017-2020 JCC Rouf Library
Rouf Library, Jhenidah Cadet College (JCC), Bangladesh